| 000 | 00747nam a22002657a 4500 | ||
|---|---|---|---|
| 001 | BR6002170 | ||
| 003 | BR-BrBNA | ||
| 005 | 20230928093710.0 | ||
| 007 | ta | ||
| 008 | 230509b bl.||||| |||| 00| 0 por d | ||
| 040 |
_aBR-BrBNA _bpor _cBiblioteca Nacional de Agricultura |
||
| 041 | _a(Por) | ||
| 072 |
_aF01; E70 _b0490 _b/G514 |
||
| 090 | _ 0490 BR6002170 | ||
| 110 | 1 |
_aComissao de Financiamento da Producao, Brasilia, DF (Brasil). Depto. de Pesquisas Economicas _91991 |
|
| 245 | 1 |
_aEstudo do rami _bProjeto 2 |
|
| 260 | 3 |
_aBrasilia, DF (Brasil): _c1972. |
|
| 300 | _a85 p. | ||
| 650 | _aRAMI | ||
| 650 | _aPRATICA CULTURAL | ||
| 650 | _aCOMERCIALIZACAO | ||
| 650 | _aPRECO | ||
| 909 |
_a202309 _bLucia _c55 _dLucia Elande |
||
| 942 | _cBK | ||
| 999 |
_c46555 _d46555 |
||